Essentials of Pediatric Nursing sem V and VI (Record no. 369388)

MARC details
000 -LEADER
fixed length control field 00594nam a2200193 4500
005 - DATE AND TIME OF LATEST TRANSACTION
control field 20251216135635.0
008 - FIXED-LENGTH DATA ELEMENTS--GENERAL INFORMATION
fixed length control field 251216b |||||||| |||| 00| 0 eng d
020 ## - INTERNATIONAL STANDARD BOOK NUMBER
International Standard Book Number 978-93-5696-703-8
041 ## - LANGUAGE CODE
Language code of text/sound track or separate title Eng
082 ## - DEWEY DECIMAL CLASSIFICATION NUMBER
Edition number 4th/ RP2025
Classification number P 610.7362 SHA
Item number B12071
100 ## - MAIN ENTRY--PERSONAL NAME
Author Sharma, Rimple
245 ## - TITLE STATEMENT
Title Essentials of Pediatric Nursing sem V and VI
250 ## - EDITION STATEMENT
Edition statement 4th/RP2025
260 ## - PUBLICATION, DISTRIBUTION, ETC.
Place of publication, distribution, etc. New Delhi
Name of publisher, distributor, etc. Jaypee Brothers Medical Publisher
Date of publication, distribution, etc. 2024
300 ## - PHYSICAL DESCRIPTION
Extent xxi,570p
Other physical details pb
Dimensions 26x20.5cm
365 ## - TRADE PRICE
Price type code Rupaye
Price amount 895
Currency code INR
521 ## - TARGET AUDIENCE NOTE
Target audience note Essentials of Pediatric Nursing<br/>Sem V and VI
942 ## - ADDED ENTRY ELEMENTS (KOHA)
Koha item type Books
Holdings
Withdrawn status Lost status Source of classification or shelving scheme Damaged status Not for loan Collection code Home library Current library Date acquired Vendor Net Price Bill number Total Checkouts Full call number Barcode Date due Date last seen Date last checked out Discount Actual Price Bill Date Koha item type Original Barcode Total Renewals
    Dewey Decimal Classification     Non-fiction Smt. Bakul Tambat Institute of Nursing Education Smt. Bakul Tambat Institute of Nursing Education 04/12/2025 Patil Medical Book 554.90 2458 2 P 610.7362 SHA B12071 BTIN-BK-12071 19/08/2026 20/02/2026 20/02/2026 38% 895.00 04/12/2025 Books BTIN-BK-12071  
    Dewey Decimal Classification     Non-fiction Smt. Bakul Tambat Institute of Nursing Education Smt. Bakul Tambat Institute of Nursing Education 04/12/2025 Patil Medical Book 554.90 2458 2 P 610.7362 SHA B12072 BTIN-BK-12072   25/03/2026 31/01/2026 38% 895.00 04/12/2025 Books BTIN-BK-12072 2
    Dewey Decimal Classification     Non-fiction Smt. Bakul Tambat Institute of Nursing Education Smt. Bakul Tambat Institute of Nursing Education 04/12/2025 Patil Medical Book 554.90 2458 3 P 610.7362 SHA B12073 BTIN-BK-12073 08/04/2026 25/03/2026 25/03/2026 38% 895.00 04/12/2025 Books BTIN-BK-12073 2
    Dewey Decimal Classification     Non-fiction Smt. Bakul Tambat Institute of Nursing Education Smt. Bakul Tambat Institute of Nursing Education 04/12/2025 Patil Medical Book 554.90 2458 4 P 610.7362 SHA B12074 BTIN-BK-12074 08/04/2026 27/03/2026 27/03/2026 38% 895.00 04/12/2025 Books BTIN-BK-12074 3